DArkSide - Bring Me the Horizon - Statistics

General Stats
  • This quiz has been taken 34 times
  • The average score is 228 of 278
Answer Stats
Answer % Correct
a
100%
dark
100%
my
100%
My
100%
side
100%
to
100%
today
100%
won
100%
you
100%
again?
93%
and
93%
And
93%
begging
93%
Can
93%
can
93%
heart
93%
Hey,
93%
I
93%
I,
93%
I'm
93%
ledge
93%
me
93%
me,
93%
myself
93%
over
93%
stay
93%
the
93%
breaking
87%
can't
87%
Can't
87%
keeps
87%
of
87%
off
87%
tonight
87%
trust
87%
your
87%
angel's
80%
Don't
80%
don't
80%
fallen
80%
if
80%
in
80%
no
80%
now
80%
Sinking
80%
under
80%
all
73%
beating
73%
breathing
73%
fuck
73%
give
73%
let
73%
morning,
73%
place
73%
plundered,
73%
Safe
73%
sight
73%
slept
73%
stop
73%
stops
73%
Think
73%
Three
73%
weekend
73%
feet
67%
hide
67%
left
67%
nowhere
67%
out
67%
Out
67%
Six
67%
So
67%
still
67%
talk
67%
there's
67%
There's
67%
bastards
60%
bleeding
60%
dirt,
60%
doors
60%
gone
60%
kicked
60%
maybe
60%
Something
60%
stitches,
60%
won't
60%
ain't
53%
alive
53%
are
53%
bury
53%
haunts
53%
miss
53%
Picked
53%
picked
53%
say
53%
when
53%
basement
47%
body
47%
cause
47%
Footsteps
47%
goodbye
47%
haunting
47%
know
47%
Memories
47%
sickness
47%
Something's
47%
taking
47%
but
40%
way
40%
what
40%
escaping
33%
No matching quizzes found
Score Distribution
Percent of People with Each Score
Percentile by Number Answered
Your Score History
You have not taken this quiz